<?xml version="1.0" encoding="UTF-8"?>
<record
    xmlns:xsi="http://www.w3.org/2001/XMLSchema-instance"
    xsi:schemaLocation="http://www.loc.gov/MARC21/slim http://www.loc.gov/standards/marcxml/schema/MARC21slim.xsd"
    xmlns="http://www.loc.gov/MARC21/slim">

  <leader>00825nam a2200229Ia 4500</leader>
  <controlfield tag="003">OSt</controlfield>
  <controlfield tag="005">20251205164324.0</controlfield>
  <controlfield tag="008">210719s2021    xx            000 0 und d</controlfield>
  <datafield tag="020" ind1=" " ind2=" ">
    <subfield code="a">978-93-88545-19-8</subfield>
  </datafield>
  <datafield tag="040" ind1=" " ind2=" ">
    <subfield code="c">AL</subfield>
  </datafield>
  <datafield tag="041" ind1=" " ind2=" ">
    <subfield code="a">kan</subfield>
  </datafield>
  <datafield tag="082" ind1=" " ind2=" ">
    <subfield code="a">K494.3 GANK</subfield>
  </datafield>
  <datafield tag="100" ind1=" " ind2=" ">
    <subfield code="a">GANGOLLI (Panju);PUJARI (C A);UPPUNDA (Ramachandra) Ed</subfield>
    <subfield code="9">166230</subfield>
    <subfield code="d">&#xC97;&#xC82;&#xC97;&#xCCA;&#xCB3;&#xCCD;&#xCB3;&#xCBF; (&#xCAA;&#xC82;&#xC9C;&#xCC1;)  ; &#xCAA;&#xCC2;&#xC9C;&#xCBE;&#xCB0;&#xCBF; (&#xCB8;&#xCBF;&#xC8E;); &#xC89;&#xCAA;&#xCCD;&#xCAA;&#xCC1;&#xC82;&#xCA6; (&#xCB0;&#xCBE;&#xCAE;&#xC9A;&#xC82;&#xCA6;&#xCCD;&#xCB0;) &#xCB8;&#xC82; .</subfield>
  </datafield>
  <datafield tag="245" ind1=" " ind2=" ">
    <subfield code="a">Kundapura kannada nighantu:</subfield>
    <subfield code="b">&#xC95;&#xCC1;&#xC82;&#xCA6;&#xCBE;&#xCAA;&#xCC1;&#xCB0; &#xC95;&#xCA8;&#xCCD;&#xCA8;&#xCA1; &#xCA8;&#xCBF;&#xC98;&#xC82;&#xC9F;&#xCC1; </subfield>
  </datafield>
  <datafield tag="260" ind1=" " ind2=" ">
    <subfield code="a">Udupi</subfield>
    <subfield code="b">Prodigi Printing</subfield>
    <subfield code="c">2021</subfield>
  </datafield>
  <datafield tag="300" ind1=" " ind2=" ">
    <subfield code="a">xviii,689</subfield>
    <subfield code="b">HB</subfield>
  </datafield>
  <datafield tag="365" ind1=" " ind2=" ">
    <subfield code="b">600</subfield>
    <subfield code="c">Rs</subfield>
  </datafield>
  <datafield tag="650" ind1=" " ind2=" ">
    <subfield code="a">Dictionaries</subfield>
    <subfield code="9">166231</subfield>
  </datafield>
  <datafield tag="650" ind1=" " ind2=" ">
    <subfield code="a">Kannada Dictionary</subfield>
    <subfield code="9">166232</subfield>
  </datafield>
  <datafield tag="906" ind1=" " ind2=" ">
    <subfield code="a">kannada ; Kundapra ; nighantu</subfield>
  </datafield>
  <datafield tag="942" ind1=" " ind2=" ">
    <subfield code="2">ddc</subfield>
    <subfield code="c">BK</subfield>
  </datafield>
  <datafield tag="999" ind1=" " ind2=" ">
    <subfield code="c">211798</subfield>
    <subfield code="d">211798</subfield>
  </datafield>
  <datafield tag="952" ind1=" " ind2=" ">
    <subfield code="0">0</subfield>
    <subfield code="1">0</subfield>
    <subfield code="2">ddc</subfield>
    <subfield code="4">0</subfield>
    <subfield code="7">0</subfield>
    <subfield code="8">KAN</subfield>
    <subfield code="a">AL</subfield>
    <subfield code="b">AL</subfield>
    <subfield code="d">2021-02-10</subfield>
    <subfield code="e">Biblios Book Point, Surathkal-575014 | General Annual</subfield>
    <subfield code="g">600.00</subfield>
    <subfield code="l">0</subfield>
    <subfield code="o">K494.3 GANK</subfield>
    <subfield code="p">074612</subfield>
    <subfield code="r">2021-07-19 00:00:00</subfield>
    <subfield code="v">480.00</subfield>
    <subfield code="w">2021-07-19</subfield>
    <subfield code="y">BK</subfield>
  </datafield>
</record>
